Best Picture Bonanza Quiz Stats

 Plays Quiz Updated May 1, 2012

Support Sporcle.
Go Orange.
Score 0/21 Timer 05:00
2 Plays Today
% Correct
???
41.7%
???
40.8%
???
39.7%
???
39.6%
???
38.7%
???
37.2%
???
34.4%
???
34%
???
34%
???
33.3%
???
33.1%
% Correct
???
33.1%
???
32.1%
???
31.8%
???
31.4%
???
31.3%
???
30%
???
29.6%
???
28.6%
???
28.6%
???
24.1%

From the Vault

Are They in the Bible?

by LTH

What was the secret of Delilah getting into Samson's house? She picked his locks.
Remove Ads.
Support Sporcle.
Get the best of Sporcle when you Go Orange. This ad-free experience offers more features, more stats, and more fun while also helping to support Sporcle. Thank you for becoming a member.

Show Comments

Extras

Top Quizzes Today


Score Distribution

Your Account Isn't Verified!

In order to create a playlist on Sporcle, you need to verify the email address you used during registration. Go to your Sporcle Settings to finish the process.

Report this User

Report this user for behavior that violates our Community Guidelines.

Details: